Structural condition assessment

In Structural Condition Assessment, editor-in-chief Robert T. Ratay gathers together the leading people in the field to produce the first unified resource on all aspects of structural condition assessment for strength, serviceability, restoration, adaptive reuse, code compliance, and vulnerability....

Πλήρης περιγραφή

Αποθηκεύτηκε σε:
Λεπτομέρειες βιβλιογραφικής εγγραφής
Μορφή: Βιβλίο
Γλώσσα:Undetermined
Έκδοση: Hoboken, N.J. Wiley 2005
Θέματα:
Ετικέτες: Προσθήκη ετικέτας
Δεν υπάρχουν, Καταχωρήστε ετικέτα πρώτοι!
Thư viện lưu trữ: Trung tâm Học liệu Trường Đại học Cần Thơ
LEADER 01312nam a2200205Ia 4500
001 CTU_164695
008 210402s9999 xx 000 0 und d
020 |c 175 
082 |a 624.171 
082 |b S927 
245 0 |a Structural condition assessment 
245 0 |c edited by Robert T. Ratay 
260 |a Hoboken, N.J. 
260 |b Wiley 
260 |c 2005 
520 |a In Structural Condition Assessment, editor-in-chief Robert T. Ratay gathers together the leading people in the field to produce the first unified resource on all aspects of structural condition assessment for strength, serviceability, restoration, adaptive reuse, code compliance, and vulnerability. Organized by the four main stages of a structural evaluation, this book provides an introduction to structural deterioration and its consequences, the business and legal aspects of conducting an evaluation, initial survey and evaluation techniques for various structures, and specific tests for five of the most common structural materials (concrete, steel, masonry, timber and fabric.) 
650 |a Structural analysis (Engineering),Buildings,Phân tích kết cấu,Nghề xây dựng 
650 |x Specifications,Chi tiết kỹ thuật 
904 |i Năm 
980 |a Trung tâm Học liệu Trường Đại học Cần Thơ